| 000 | 00381cam a22001337a 4500 | ||
|---|---|---|---|
| 008 | 180718b1925 xxu||||| |||| 00| 0 eng d | ||
| 082 | _aC4x42 M349 | ||
| 100 | _aMarriott, J.A.R. | ||
| 245 |
_aEnglish political institutions: an introductory study _cby J.A.R. Marriott |
||
| 250 | _a3rd ed. | ||
| 260 |
_aLondon _bOUP _c1925 |
||
| 300 | _a351p. | ||
| 650 | _aConstitutional Law - U.K. | ||
| 999 |
_c373059 _d373059 |
||